000 00603nam a2200205 i 4500
001 101273
003 ES-MaACL
005 20230906182848.0
007 t|
008 051017s1905 fr ||||1| fre d
100 1 _aMaurras, Charles.
_979271
245 1 2 _aL'avenir de l'intelligence; Auguste Comte; Le romantisme féminin; Mademoiselle Monk /
_cCharles Maurras.
250 _a6ª ed.
260 _aParis :
_bA. Fontemoing,
_c1905.
300 _a303 p. ;
_c20 cm.
740 0 _aAuguste Comte.
740 3 _aLe romantisme féminin.
740 0 _aMademoiselle Monk.
852 _aES-MaACL
_jF-8688
999 _c101273
_d101273